|
|
|
|
| LEADER |
00625nab a2200181 i 4500 |
| 001 |
misc10390 |
| 005 |
20191106142853.0 |
| 008 |
170607s1928 hu o 0|| hun d |
| 022 |
|
|
|a 0025-0260
|
| 040 |
|
|
|a SZTE Miscellanea Repozitórium
|b hun
|
| 041 |
|
|
|a hun
|
| 100 |
1 |
|
|a Kemény Ferenc
|
| 245 |
1 |
0 |
|a Vegyes
|h [elektronikus dokumentum] /
|c Kemény Ferenc
|
| 260 |
|
|
|c 1928
|
| 300 |
|
|
|a 62-64
|
| 490 |
0 |
|
|a Magyar pedagógia : a Magyar Tudományos Akadémia Pedagógiai Bizottságának folyóirata
|v 37
|
| 695 |
|
|
|a Oktatásügy Magyarország 1928
|
| 856 |
4 |
0 |
|u http://misc.bibl.u-szeged.hu/10390/1/mp_1928_062-064.pdf
|z Dokumentum-elérés
|